000 00389nam a2200169Ia 4500
005 20251020182611.0
008 200515s9999 xx 000 0 und d
082 _aSC/628.725.74/B57
100 _aBLANES, Octavio
245 0 _aManual de instalación de piscinas
260 _aBarcelona
260 _c1980
300 _a138
650 _aMANUALES
650 _aPISCINAS
942 _cLIB
999 _c3330
_d3330